[Štúr, Ľudovít - pamätné miesto]

Zobrazenie: Pamätník - Štúrova lavička v Holombeckej doline pri Modre, kde Ľudovít Štúr rád chodieval v rokoch 1851-1855. Záber z roku 1965. Na obr. je pôvodný pamätník postavený v roku 1956, dnes je na tom mieste nový pamätník.

Bibliographic Details
Corporate Author: Československá tlačová kancelária (Slovensko) (Author)
Format: Photo
Language:Slovak
PhysicalDescription:1 fotografia čb 13 x 18 cm
Published: [S.l. s.n.] 1965
Subjects:

MARC

LEADER 00000nkmaa2200000 a 4500
001 vtls011541990
003 SK-MaSNL
005 20260301091915.0
007 kh bo
008 230802s1965 xo | |||0 k|slo
035 |a urn:nbn:sk:snk-km00cpus 
035 |a urn:nbn:sk:snk-km3lr67 
035 |a 5387A166-7DBA-49CE-89FC-2BBEDB5E2659 
040 |a SNKLA  |b slo  |c SNKLA  |e AACR2 
041 0 |a slo 
044 |a xo  |c SK 
110 2 |a Československá tlačová kancelária (Slovensko)  |4 aut  |9 55799 
245 1 0 |a [Štúr, Ľudovít - pamätné miesto]  |h grafika 
260 |a [S.l.  |b s.n.]  |c 1965 
300 |a 1 fotografia  |b čb  |c 13 x 18 cm 
520 2 |a Zobrazenie: Pamätník - Štúrova lavička v Holombeckej doline pri Modre, kde Ľudovít Štúr rád chodieval v rokoch 1851-1855. Záber z roku 1965. Na obr. je pôvodný pamätník postavený v roku 1956, dnes je na tom mieste nový pamätník. 
600 1 7 |a Štúr, Ľudovít,  |d 1815-1856  |2 SNKMA  |9 92872 
650 0 7 |a pamätné miesta  |2 SNKPH  |9 76094 
650 0 7 |a pamätné pomníky  |2 SNKLA  |9 312239 
651 7 |a Modra (Slovensko)  |2 SNKPH  |9 15238 
655 7 |a fotografie  |2 SNKPH  |9 70713 
852 7 |a Slovenská národná knižnica  |b Literárny archív 
958 |a ZO 
958 |a BLA 
999 |c 672467  |d 674397 
952 |a SNKLA  |b SNKLA  |c SNKLA_DEP  |y NEVYP  |7 0  |p 17A1007934  |o snkK 19/212  |i snkLA 1213/1966  |0 0  |1 0  |4 0  |d 2016-03-24  |f 1  |l 0  |r 2026-02-23 19:31:12  |w 2026-02-23